| 000 | 00000nam##2200000za#4500 |
| 001 | 9.596024 |
| 003 | CaOODSP |
| 005 | 20240612102605 |
| 007 | cr ||||||||||| |
| 008 | 150406|2008||||xxc|||||o f|0| 0 fre|d |
| 040 | |aCaOODSP|bfre |
| 043 | |an-cn--- |
| 086 | 1 |aRv55-5/19-4-3-2008F-PDF |
| 110 | 2 |aAgence des services frontaliers du Canada. |
| 245 | 10|aDroit d'auteur et marques de commerce |h[ressource électronique] |
| 260 | |bAgence des services frontaliers du Canada |
| 300 | |a19p. |
| 490 | 1 |aMémorandums D des douanes. D19, Lois et règlements des autres ministères |vD19-4-3, le 17 juin 2008 |
| 500 | |aCeci annule les mémorandums «D» - D9-4-3, daté le 19 mai 2000. |
| 590 | |a10-05-Supp|b2010-07-20 |
| 775 | 08|tCopyright and trademarks |w(CaOODSP)9.564246 |
| 776 | 0#|tDroit d'auteur et marques de commerce |w(CaOODSP)9.546111 |
| 776 | 0#|tCopyright and trademarks |w(CaOODSP)9.546110 |
| 830 | #0|aMémorandums D des douanes. D19, Lois et règlements des autres ministères ;|vD19-4-3, le 17 juin 2008|w(CaOODSP)9.816826 |
| 856 | 40|ahttp://publications.gc.ca|qPDF|s182 Ko|uhttps://publications.gc.ca/collections/collection_2008/cbsa-asfc/Rv55-5-19-4-3-2008F.pdf|yD19-4-3, le 17 juin 2008 |